| 000 | 02963cam a22006974i 4500 | ||
|---|---|---|---|
| 003 | PE-LiUPU | ||
| 005 | 20250731170454.0 | ||
| 008 | 150706s2009 mx a rb 000 0 spa d | ||
| 020 | _a6074423148 | ||
| 020 | _a9786074423143 | ||
| 035 | _a(Sirsi) i9786074423143 | ||
| 040 |
_aPE-LiUPU _bspa _cPE-LiUPU _erda |
||
| 049 | _aPRUA | ||
| 082 | 0 | 4 |
_a150 _bM79 _221 |
| 100 | 1 |
_aMorris, Charles G., _eautor. |
|
| 245 | 1 | 0 |
_aPsicología / _cCharles G. Morris y Albert A. Maisto ; traducido por María Elena Ortiz Salinas. |
| 250 | _a13a. edición. | ||
| 264 | 1 |
_aMéxico : _bPrentice Hall, _c2009. |
|
| 300 |
_a719 páginas : _bilustraciones ; _c27 centímetros |
||
| 336 |
_atext _2rdacontent |
||
| 337 |
_aunmediated _2rdamedia |
||
| 338 |
_avolume _2rdacarrier |
||
| 504 | _aIncluye bibliografía. (p. 657-694). | ||
| 505 | 0 | _aLa ciencia de la psicología -- Bases biológicas de la conducta -- Sensación y percepción -- Estados de conciencia -- Aprendizaje -- Memoria -- Cognición y lenguaje -- Inteligencia y capacidades mentales -- Motivación y emoción -- Desarrollo del ciclo vital -- Personalidad -- Estrés y psicología de la salud -- Trastornos psicológicos -- Terapias -- Psicología social -- Medición y métodos estadísticos -- Psicología industrial/organizacional. | |
| 526 | _aSEG68 | ||
| 526 | _aSEG70 | ||
| 526 | _aSEG69 | ||
| 526 | _aSEG67 | ||
| 526 | _aSEG43 | ||
| 526 | _aP144 | ||
| 526 | _aP143 | ||
| 526 | _aP131 | ||
| 526 | _aP122 | ||
| 526 | _aP120 | ||
| 526 | _aP117 | ||
| 526 | _aP112 | ||
| 526 | _aP110 | ||
| 526 | _aP106 | ||
| 526 | _aP101 | ||
| 526 | _aP80 | ||
| 526 | _aP59 | ||
| 526 | _aP54 | ||
| 526 | _aP35 | ||
| 526 | _aP33 | ||
| 526 | _aP30 | ||
| 541 | _g0002-000115; | ||
| 541 | _g0002-000115; | ||
| 650 | 0 | 4 |
_aPsicología _vLibros de texto. |
| 700 | 1 |
_aMaisto, Albert A., _eautor. |
|
| 700 | 1 |
_aOrtiz Salinas, María Elena, _etraductor. |
|
| 700 | 1 |
_aEsquivel Ancona, María Fayne, _erevisor. |
|
| 910 |
_bjv _clch _d20120719 |
||
| 910 |
_bksl _cksl _d20190611 |
||
| 942 |
_2ddc _cBOOK |
||
| 949 |
_a150 M79 _wDEWEY _c1 _i65087 _lCCODEBUL1 _mBUL _p35.00 _r0 _sY _tBOOK _u2015-7-6 _xSALUD _PP33 _o.STAFF. Colección Ciencias de la Salud |
||
| 949 |
_a150 M79 _wDEWEY _c2 _i65088 _lCCODEBUL1 _mBUL _p35.00 _r0 _sY _tBOOK _u2015-7-6 _xSALUD _PP33 _o.STAFF. Colección Ciencias de la Salud |
||
| 994 |
_aC0 _bPEPRU |
||
| 596 | _a1 | ||
| 999 |
_a150 M79 _wDEWEY _c53752 _i65087 _d53752 _e2022-7-12 _f2021-11-3 _g6 _lCCODEBUL1 _mBUL _n35 _p35.00 _q19 _r0 _sY _tBOOK _u2015-7-6 _xSALUD _PP33 _0COMPRA _o.STAFF. Colección Ciencias de la Salud |
||
| 999 |
_a150 M79 _wDEWEY _c2 _i65088 _d2018-11-11 _e2018-11-8 _f2019-2-26 _g3 _lDISCARD _mBUL _n29 _p35.00 _q14 _r0 _sY _tBOOK _u2015-7-6 _xSALUD _PP33 _0COMPRA _o.STAFF. Colección Ciencias de la Salud |
||
| 980 |
_81 _gALBERTO SANCHEZ Responsable de Automatización |
||